| 000 | 00522nam a22001577a 4500 | ||
|---|---|---|---|
| 999 |
_c513878 _d513878 |
||
| 020 | _a9789389484519 | ||
| 082 | _aB73x54 T543 | ||
| 100 |
_aTiwary, Nupur _917692 |
||
| 245 |
_aPanchayats as institutions of self-government: _bIssues of inclusion and exclusion _cby Nupur Tiwary |
||
| 260 |
_aNew Delhi _bKanishka _c2020 |
||
| 300 | _a168p. | ||
| 650 |
_aPanchayat _917693 |
||
| 650 |
_aPanchayats - India _917694 |
||
| 650 |
_aLocal Government - India - Congresses _917695 |
||
| 650 |
_aPanchayats - India - Congresses _917696 |
||